História zdanenia a daní

História foriem vyberania daní a organizácie verejných prác.

Na minha lista:
Detalhes bibliográficos
Autor principal: Grúň, Ľubomír
Formato: Capítulo de Livro
Idioma:eslovaco
Assuntos:
Tags: Adicionar Tag
Sem tags, seja o primeiro a adicionar uma tag!

MARC

LEADER 00000naa a2200000 4500
001 r041940
005 20231002122822.3
041 0 |a slo 
044 |a SK 
245 1 0 |a História zdanenia a daní  |c Ľubomír Grúň 
520 |a História foriem vyberania daní a organizácie verejných prác. 
610 2 0 |a dane 
610 2 0 |a história 
610 2 0 |a odvody z majetku 
610 2 0 |a systémy daňové 
100 1 |a Grúň, Ľubomír